00545nam a2200169Ia 4500008004100000041000800041082001300049100002600062245003700088260005200125300001400177365001000191650001400201906003100215999001900246952011000265210719s1967 xx 000 0 und d aeng a540 GEOH aGEORGE (M V) & others aHandbook of chemistry & physics. aN DbAffiliated East-West Prees Pvt. Ltd.c1967 ax,364bPB b8cRs aChemistry aHandbook Chemistry Physics c212549d212549 001040708ChemistryaALbALd2001-04-21g8.00l0o540 GEOHpD00647r2021-07-19 00:00:00w2021-07-19yDB